[Event "World Cup 2023"]
[Site "Baku, Azerbaijan"]
[Date "2023.08.02"]
[Round "11.28"]
[White "Saric Ivan (CRO)"]
[Black "Svane Rasmus (GER)"]
[Result "1/2-1/2"]
[WhiteFideId "14508150"]
[BlackFideId "4657101"]
[WhiteElo "2657"]
[BlackElo "2625"]

1. e4 {[%clk 01:30:57]} {[%emt 00:00:03]} e5 {[%clk 01:30:52]} {[%emt
00:00:07]} 2. Nf3 {[%clk 01:31:21]} {[%emt 00:00:06]} Nc6 {[%clk 01:31:16]}
{[%emt 00:00:06]} 3. Bc4 {[%clk 01:31:14]} {[%emt 00:00:37]} Nf6 {[%clk
01:31:27]} {[%emt 00:00:19]} 4. d3 {[%clk 01:31:40]} {[%emt 00:00:05]} Bc5
{[%clk 01:31:47]} {[%emt 00:00:09]} 5. Nc3 {[%clk 01:31:50]} {[%emt 00:00:20]}
a6 {[%clk 01:29:33]} {[%emt 00:02:45]} 6. a4 {[%clk 01:31:41]} {[%emt
00:00:39]} d6 {[%clk 01:27:51]} {[%emt 00:02:12]} 7. O-O {[%clk 01:31:46]}
{[%emt 00:00:24]} h6 {[%clk 01:13:57]} {[%emt 00:14:24]} 8. Be3 {[%clk
01:31:44]} {[%emt 00:00:32]} Bxe3 {[%clk 01:13:22]} {[%emt 00:01:06]} 9. fxe3
{[%clk 01:32:10]} {[%emt 00:00:04]} Be6 {[%clk 01:13:45]} {[%emt 00:00:06]} 10.
Nh4 {[%clk 01:25:52]} {[%emt 00:06:48]} O-O {[%clk 01:08:51]} {[%emt 00:05:25]}
11. Nf5 {[%clk 01:16:25]} {[%emt 00:09:57]} Nb4 {[%clk 01:03:01]} {[%emt
00:06:20]} 12. a5 {[%clk 01:05:22]} {[%emt 00:11:33]} Kh7 {[%clk 00:34:28]}
{[%emt 01:29:15]} 13. Ra4 {[%clk 00:57:54]} {[%emt 00:07:58]} c5 {[%clk
00:34:24]} {[%emt 00:00:34]} 14. b3 {[%clk 00:57:04]} {[%emt 00:01:21]} Qd7
{[%clk 00:23:13]} {[%emt 00:11:40]} 15. Ng3 {[%clk 00:53:23]} {[%emt 00:04:11]}
Qe7 {[%clk 00:23:17]} {[%emt 00:00:26]} 16. Ra1 {[%clk 00:45:18]} {[%emt
00:08:35]} g6 {[%clk 00:22:39]} {[%emt 00:01:08]} 17. Qd2 {[%clk 00:42:31]}
{[%emt 00:03:17]} Rae8 {[%clk 00:19:59]} {[%emt 00:03:10]} 18. Rf3 {[%clk
00:40:41]} {[%emt 00:02:19]} Kg8 {[%clk 00:18:33]} {[%emt 00:01:56]} 19. Raf1
{[%clk 00:39:27]} {[%emt 00:01:44]} Nh7 {[%clk 00:18:28]} {[%emt 00:00:36]} 20.
Na4 {[%clk 00:28:35]} {[%emt 00:11:22]} h5 {[%clk 00:17:35]} {[%emt 00:01:23]}
21. Nb6 {[%clk 00:23:22]} {[%emt 00:05:42]} h4 {[%clk 00:14:57]} {[%emt
00:03:09]} 22. Ne2 {[%clk 00:23:41]} {[%emt 00:00:11]} Ng5 {[%clk 00:13:40]}
{[%emt 00:01:47]} 23. R3f2 {[%clk 00:24:08]} {[%emt 00:00:03]} h3 {[%clk
00:12:43]} {[%emt 00:01:27]} 24. g3 {[%clk 00:17:03]} {[%emt 00:07:36]} Qd8
{[%clk 00:09:58]} {[%emt 00:03:14]} 25. Nc3 {[%clk 00:17:09]} {[%emt 00:00:24]}
Kg7 {[%clk 00:09:28]} {[%emt 00:01:00]} 26. Ncd5 {[%clk 00:16:00]} {[%emt
00:01:39]} Nxd5 {[%clk 00:09:16]} {[%emt 00:00:42]} 27. Bxd5 {[%clk 00:15:31]}
{[%emt 00:00:59]} Bxd5 {[%clk 00:05:15]} {[%emt 00:04:31]} 28. Nxd5 {[%clk
00:15:55]} {[%emt 00:00:06]} Re6 {[%clk 00:05:06]} {[%emt 00:00:38]} 29. c4
{[%clk 00:15:02]} {[%emt 00:01:24]} f6 {[%clk 00:05:10]} {[%emt 00:00:27]} 30.
b4 {[%clk 00:13:06]} {[%emt 00:02:25]} cxb4 {[%clk 00:04:30]} {[%emt 00:01:10]}
31. Qxb4 {[%clk 00:13:32]} {[%emt 00:00:04]} Rf7 {[%clk 00:04:53]} {[%emt
00:00:08]} 32. Rb1 {[%clk 00:12:48]} {[%emt 00:01:13]} Re8 {[%clk 00:04:17]}
{[%emt 00:01:06]} 33. Qb6 {[%clk 00:07:42]} {[%emt 00:05:36]} Qd7 {[%clk
00:03:41]} {[%emt 00:01:05]} 34. c5 {[%clk 00:07:31]} {[%emt 00:00:42]} Re6
{[%clk 00:02:09]} {[%emt 00:02:02]} 35. Rbf1 {[%clk 00:06:35]} {[%emt
00:01:26]} dxc5 {[%clk 00:02:12]} {[%emt 00:00:26]} 36. Qxc5 {[%clk 00:07:01]}
{[%emt 00:00:04]} Rc6 {[%clk 00:02:17]} {[%emt 00:00:25]} 37. Qb4 {[%clk
00:06:45]} {[%emt 00:00:45]} Qd6 {[%clk 00:02:14]} {[%emt 00:00:35]} 1/2-1/2

[Event "World Cup 2023"]
[Site "Baku, Azerbaijan"]
[Date "2023.08.02"]
[Round "11.29"]
[White "Kuzubov Yuriy (UKR)"]
[Black "Narayanan.S.L (IND)"]
[Result "1/2-1/2"]
[WhiteFideId "14112906"]
[BlackFideId "5058422"]
[WhiteElo "2628"]
[BlackElo "2656"]

1. d4 {[%clk 01:30:56]} {[%emt 00:00:03]} Nf6 {[%clk 01:30:54]} {[%emt
00:00:06]} 2. Nf3 {[%clk 01:31:19]} {[%emt 00:00:07]} d5 {[%clk 01:31:18]}
{[%emt 00:00:06]} 3. c4 {[%clk 01:31:42]} {[%emt 00:00:08]} e6 {[%clk
01:31:42]} {[%emt 00:00:05]} 4. Nc3 {[%clk 01:31:00]} {[%emt 00:01:12]} Bb4
{[%clk 01:32:05]} {[%emt 00:00:07]} 5. Bg5 {[%clk 01:30:33]} {[%emt 00:00:57]}
O-O {[%clk 01:32:24]} {[%emt 00:00:11]} 6. e3 {[%clk 01:28:35]} {[%emt
00:02:27]} c5 {[%clk 01:32:46]} {[%emt 00:00:08]} 7. cxd5 {[%clk 01:27:40]}
{[%emt 00:01:26]} exd5 {[%clk 01:33:08]} {[%emt 00:00:07]} 8. Bd3 {[%clk
01:17:48]} {[%emt 00:10:21]} h6 {[%clk 01:33:29]} {[%emt 00:00:10]} 9. Bxf6
{[%clk 01:16:45]} {[%emt 00:01:33]} Qxf6 {[%clk 01:33:46]} {[%emt 00:00:13]} 10.
O-O {[%clk 01:17:10]} {[%emt 00:00:06]} Be6 {[%clk 01:32:21]} {[%emt 00:01:54]}
11. a3 {[%clk 01:05:25]} {[%emt 00:12:16]} Bxc3 {[%clk 01:24:16]} {[%emt
00:08:34]} 12. bxc3 {[%clk 01:05:51]} {[%emt 00:00:04]} Nd7 {[%clk 01:17:29]}
{[%emt 00:07:16]} 13. Qb1 {[%clk 00:59:06]} {[%emt 00:07:15]} Rab8 {[%clk
01:15:35]} {[%emt 00:02:24]} 14. a4 {[%clk 00:47:00]} {[%emt 01:12:47]} Rfc8
{[%clk 01:10:03]} {[%emt 00:06:01]} 15. Rc1 {[%clk 00:46:11]} {[%emt 00:01:20]}
Rc7 {[%clk 01:08:28]} {[%emt 00:02:05]} 16. a5 {[%clk 00:41:28]} {[%emt
00:05:14]} Rbc8 {[%clk 01:06:16]} {[%emt 00:02:41]} 17. Qb2 {[%clk 00:37:50]}
{[%emt 00:04:07]} Bf5 {[%clk 01:02:58]} {[%emt 00:03:47]} 18. Bb5 {[%clk
00:33:15]} {[%emt 00:05:07]} a6 {[%clk 00:49:19]} {[%emt 00:14:09]} 19. Bxd7
{[%clk 00:27:25]} {[%emt 00:06:20]} Bxd7 {[%clk 00:49:40]} {[%emt 00:00:08]} 20.
dxc5 {[%clk 00:26:46]} {[%emt 00:01:09]} Bb5 {[%clk 00:49:52]} {[%emt
00:00:19]} 21. Nd4 {[%clk 00:26:13]} {[%emt 00:01:03]} Rxc5 {[%clk 00:50:16]}
{[%emt 00:00:05]} 22. Ra3 {[%clk 00:25:45]} {[%emt 00:00:59]} Qd8 {[%clk
00:49:19]} {[%emt 00:01:27]} 23. h3 {[%clk 00:24:12]} {[%emt 00:02:03]} Qc7
{[%clk 00:48:50]} {[%emt 00:00:58]} 24. Qb4 {[%clk 00:17:27]} {[%emt 00:07:15]}
Rc4 {[%clk 00:47:50]} {[%emt 00:01:30]} 25. Qb1 {[%clk 00:17:11]} {[%emt
00:00:46]} Rc5 {[%clk 00:46:36]} {[%emt 00:01:45]} 26. Nf5 {[%clk 00:14:10]}
{[%emt 00:03:31]} Qe5 {[%clk 00:46:05]} {[%emt 00:01:00]} 27. Rb3 {[%clk
00:10:12]} {[%emt 00:04:28]} R8c7 {[%clk 00:33:53]} {[%emt 00:12:42]} 28. Nd4
{[%clk 00:10:02]} {[%emt 00:00:40]} Qe8 {[%clk 00:34:07]} {[%emt 00:00:17]} 29.
Qb2 {[%clk 00:07:30]} {[%emt 00:03:03]} Qd7 {[%clk 00:33:54]} {[%emt 00:00:43]}
30. Qa3 {[%clk 00:03:45]} {[%emt 00:04:15]} Qc8 {[%clk 00:33:21]} {[%emt
00:01:02]} 31. Nxb5 {[%clk 00:02:32]} {[%emt 00:01:43]} Rxb5 {[%clk 00:32:48]}
{[%emt 00:01:03]} 1/2-1/2

[Event "World Cup 2023"]
[Site "Baku, Azerbaijan"]
[Date "2023.08.02"]
[Round "11.30"]
[White "Santos Latasa Jaime (ESP)"]
[Black "Meier Georg (URU)"]
[Result "1/2-1/2"]
[WhiteFideId "2293307"]
[BlackFideId "4675789"]
[WhiteElo "2656"]
[BlackElo "2629"]

1. e4 {[%clk 01:30:58]} {[%emt 00:00:01]} e6 {[%clk 01:30:55]} {[%emt
00:00:05]} 2. d4 {[%clk 01:31:23]} {[%emt 00:00:05]} d5 {[%clk 01:31:21]}
{[%emt 00:00:04]} 3. Nc3 {[%clk 01:31:48]} {[%emt 00:00:06]} dxe4 {[%clk
01:31:47]} {[%emt 00:00:04]} 4. Nxe4 {[%clk 01:32:11]} {[%emt 00:00:06]} Nd7
{[%clk 01:32:13]} {[%emt 00:00:03]} 5. Nf3 {[%clk 01:32:33]} {[%emt 00:00:09]}
Ngf6 {[%clk 01:32:39]} {[%emt 00:00:04]} 6. Nxf6+ {[%clk 01:32:56]} {[%emt
00:00:07]} Nxf6 {[%clk 01:33:04]} {[%emt 00:00:05]} 7. Be3 {[%clk 01:33:20]}
{[%emt 00:00:06]} Bd6 {[%clk 01:33:11]} {[%emt 00:00:22]} 8. Bd3 {[%clk
01:33:41]} {[%emt 00:00:09]} O-O {[%clk 01:33:35]} {[%emt 00:00:06]} 9. Qe2
{[%clk 01:34:06]} {[%emt 00:00:06]} b6 {[%clk 01:34:00]} {[%emt 00:00:05]} 10.
O-O-O {[%clk 01:34:28]} {[%emt 00:00:08]} Bb7 {[%clk 01:34:26]} {[%emt
00:00:04]} 11. Rhe1 {[%clk 01:34:34]} {[%emt 00:00:24]} Nd5 {[%clk 01:34:40]}
{[%emt 00:00:15]} 12. Kb1 {[%clk 01:34:56]} {[%emt 00:00:09]} Nxe3 {[%clk
01:34:56]} {[%emt 00:00:14]} 13. fxe3 {[%clk 01:35:20]} {[%emt 00:00:07]} Qe7
{[%clk 01:35:19]} {[%emt 00:00:05]} 14. e4 {[%clk 01:35:31]} {[%emt 00:00:20]}
e5 {[%clk 01:35:44]} {[%emt 00:00:04]} 15. Bc4 {[%clk 01:35:56]} {[%emt
00:00:07]} Rae8 {[%clk 01:36:05]} {[%emt 00:00:07]} 16. d5 {[%clk 01:36:06]}
{[%emt 00:00:21]} Rb8 {[%clk 01:36:16]} {[%emt 00:00:18]} 17. h3 {[%clk
01:32:06]} {[%emt 00:04:31]} a6 {[%clk 01:35:57]} {[%emt 00:00:48]} 18. g4
{[%clk 01:16:00]} {[%emt 00:16:36]} b5 {[%clk 01:35:24]} {[%emt 00:01:02]} 19.
Bd3 {[%clk 01:15:42]} {[%emt 00:00:49]} Bc8 {[%clk 01:27:46]} {[%emt 00:08:06]}
20. Rf1 {[%clk 01:09:21]} {[%emt 00:06:52]} Bd7 {[%clk 01:27:34]} {[%emt
00:00:42]} 21. Rc1 {[%clk 01:08:39]} {[%emt 00:01:12]} a5 {[%clk 01:20:28]}
{[%emt 00:07:37]} 22. c3 {[%clk 01:08:19]} {[%emt 00:00:50]} b4 {[%clk
01:11:28]} {[%emt 00:09:29]} 23. cxb4 {[%clk 01:06:25]} {[%emt 00:02:25]} Rxb4
{[%clk 01:08:48]} {[%emt 00:03:09]} 24. Qe3 {[%clk 01:06:07]} {[%emt 00:00:49]}
Rfb8 {[%clk 01:05:52]} {[%emt 01:03:37]} 25. Rf2 {[%clk 01:06:26]} {[%emt
00:00:11]} R8b7 {[%clk 00:55:35]} {[%emt 00:10:47]} 26. Ka1 {[%clk 01:04:50]}
{[%emt 00:02:05]} R4b6 {[%clk 00:52:35]} {[%emt 00:03:31]} 27. Re2 {[%clk
00:57:51]} {[%emt 00:07:28]} Rb8 {[%clk 00:47:18]} {[%emt 00:05:47]} 28. Rd2
{[%clk 00:54:08]} {[%emt 00:04:13]} R8b7 {[%clk 00:41:12]} {[%emt 00:06:37]} 29.
Re2 {[%clk 00:53:58]} {[%emt 00:00:40]} Qf8 {[%clk 00:40:44]} {[%emt 00:00:57]}
30. Rd2 {[%clk 00:50:23]} {[%emt 00:04:05]} Qe7 {[%clk 00:34:41]} {[%emt
00:06:33]} 31. Re2 {[%clk 00:50:09]} {[%emt 00:00:44]} 1/2-1/2

[Event "World Cup 2023 Open"]
[Site "Baku, Azerbaijan"]
[Date "2023.08.02"]
[Round "11.29"]
[White "Durarbayli Vasif (AZE)"]
[Black "Moussard Jules (FRA)"]
[Result "0-1"]
[WhiteFideId "13402935"]
[BlackFideId "642908"]
[WhiteElo "2631"]
[BlackElo "2654"]

1. e4 {[%clk 01:30:58]} e5 {[%clk 01:30:55]} {[%emt 00:00:06]} 2. Nf3 {[%clk
01:31:19]} {[%emt 00:00:09]} Nf6 {[%clk 01:31:18]} {[%emt 00:00:07]} 3. d4
{[%clk 01:31:42]} {[%emt 00:00:06]} Nxe4 {[%clk 01:31:34]} {[%emt 00:00:14]} 4.
dxe5 {[%clk 01:32:07]} {[%emt 00:00:06]} d5 {[%clk 01:31:36]} {[%emt 00:00:27]}
5. Nbd2 {[%clk 01:32:28]} {[%emt 00:00:09]} Qd7 {[%clk 01:30:48]} {[%emt
00:01:16]} 6. Bd3 {[%clk 01:31:35]} {[%emt 00:01:26]} Nc5 {[%clk 01:31:08]}
{[%emt 00:00:10]} 7. Be2 {[%clk 01:32:00]} {[%emt 00:00:05]} Ne6 {[%clk
01:30:56]} {[%emt 00:00:41]} 8. O-O {[%clk 01:32:22]} {[%emt 00:00:09]} Be7
{[%clk 01:31:10]} {[%emt 00:00:16]} 9. Re1 {[%clk 01:32:46]} {[%emt 00:00:06]}
O-O {[%clk 01:31:22]} {[%emt 00:00:18]} 10. Nf1 {[%clk 01:33:12]} {[%emt
00:00:04]} c5 {[%clk 01:30:51]} {[%emt 00:01:01]} 11. Ng3 {[%clk 01:33:30]}
{[%emt 00:00:11]} Nc6 {[%clk 01:28:32]} {[%emt 00:02:49]} 12. Nf5 {[%clk
01:33:02]} {[%emt 00:00:59]} Rd8 {[%clk 01:24:12]} {[%emt 00:04:50]} 13. Bf1
{[%clk 01:32:43]} {[%emt 00:00:49]} Bf8 {[%clk 01:10:56]} {[%emt 00:13:46]} 14.
c3 {[%clk 01:33:01]} {[%emt 00:00:11]} d4 {[%clk 01:07:06]} {[%emt 00:04:21]}
15. c4 {[%clk 01:33:23]} {[%emt 00:00:08]} b6 {[%clk 01:02:15]} {[%emt
00:05:20]} 16. a3 {[%clk 01:30:05]} {[%emt 00:03:48]} Bb7 {[%clk 00:58:58]}
{[%emt 00:03:47]} 17. Bd3 {[%clk 01:27:39]} {[%emt 00:02:56]} Re8 {[%clk
00:45:45]} {[%emt 00:13:44]} 18. h3 {[%clk 01:11:34]} {[%emt 00:16:35]} Qc7
{[%clk 00:43:47]} {[%emt 00:02:27]} 19. b3 {[%clk 01:03:34]} {[%emt 00:08:30]}
Nb8 {[%clk 00:36:00]} {[%emt 00:08:18]} 20. Ng5 {[%clk 00:48:18]} {[%emt
00:15:46]} g6 {[%clk 00:27:13]} {[%emt 00:09:16]} 21. Qg4 {[%clk 00:45:38]}
{[%emt 00:03:10]} Nd7 {[%clk 00:23:14]} {[%emt 00:04:29]} 22. f4 {[%clk
00:30:23]} {[%emt 00:15:45]} Nxg5 {[%clk 00:22:49]} {[%emt 00:00:56]} 23. Qxg5
{[%clk 00:30:51]} {[%emt 00:00:01]} Kh8 {[%clk 00:17:40]} {[%emt 00:05:39]} 24.
Bd2 {[%clk 00:30:45]} {[%emt 00:00:37]} Re6 {[%clk 00:14:08]} {[%emt 00:04:02]}
25. Nh6 {[%clk 00:30:19]} {[%emt 00:00:55]} Bxh6 {[%clk 00:14:05]} {[%emt
00:00:34]} 26. Qxh6 {[%clk 00:30:45]} {[%emt 00:00:04]} Rae8 {[%clk 00:12:40]}
{[%emt 00:01:54]} 27. Qh4 {[%clk 00:28:44]} {[%emt 00:02:31]} f5 {[%clk
00:10:58]} {[%emt 00:02:12]} 28. Kh2 {[%clk 00:26:58]} {[%emt 00:02:16]} Qc6
{[%clk 00:10:15]} {[%emt 00:01:13]} 29. Qg5 {[%clk 00:24:00]} {[%emt 00:03:26]}
R6e7 {[%clk 00:09:31]} {[%emt 00:01:15]} 30. b4 {[%clk 00:22:01]} {[%emt
00:02:30]} Qe6 {[%clk 00:09:57]} {[%emt 00:00:04]} 31. Rac1 {[%clk 00:21:44]}
{[%emt 00:00:47]} Rf7 {[%clk 00:09:38]} {[%emt 00:00:48]} 32. Re2 {[%clk
00:20:26]} {[%emt 00:01:48]} Nf8 {[%clk 00:09:29]} {[%emt 00:00:38]} 33. Qh6
{[%clk 00:12:12]} {[%emt 00:08:45]} Qd7 {[%clk 00:08:27]} {[%emt 00:01:32]} 34.
b5 {[%clk 00:11:51]} {[%emt 00:00:51]} a6 {[%clk 00:07:59]} {[%emt 00:00:59]}
35. a4 {[%clk 00:12:12]} {[%emt 00:00:09]} axb5 {[%clk 00:07:45]} {[%emt
00:00:43]} 36. axb5 {[%clk 00:10:42]} {[%emt 00:02:01]} Ra8 {[%clk 00:08:09]}
{[%emt 00:00:05]} 37. Rce1 {[%clk 00:08:53]} {[%emt 00:02:19]} Ne6 {[%clk
00:07:18]} {[%emt 00:01:22]} 38. Bc1 {[%clk 00:09:10]} {[%emt 00:00:12]} Qe7
{[%clk 00:07:24]} {[%emt 00:00:24]} 39. g4 {[%clk 00:05:17]} {[%emt 00:04:23]}
Raf8 {[%clk 00:06:57]} {[%emt 00:00:57]} 40. Rf2 {[%clk 00:03:17]} {[%emt
00:02:31]} fxg4 {[%clk 00:03:29]} {[%emt 00:03:58]} 41. hxg4 {[%clk 00:01:10]}
{[%emt 00:02:36]} Nxf4 {[%clk 00:02:58]} {[%emt 00:01:02]} 42. e6 {[%clk
00:18:06]} {[%emt 00:13:34]} Nh5 {[%clk 00:31:14]} {[%emt 00:02:14]} 0-1

[Event "World Cup 2023 Open"]
[Site "Baku, Azerbaijan"]
[Date "2023.08.02"]
[Round "11.30"]
[White "Fressinet Laurent (FRA)"]
[Black "Abasov Nijat (AZE)"]
[Result "1/2-1/2"]
[WhiteFideId "608742"]
[BlackFideId "13402960"]
[WhiteElo "2652"]
[BlackElo "2632"]

1. d4 {[%clk 01:30:56]} {[%emt 00:00:02]} Nf6 {[%clk 01:29:31]} {[%emt
00:01:29]} 2. c4 {[%clk 01:31:18]} {[%emt 00:00:08]} e6 {[%clk 01:29:45]}
{[%emt 00:00:16]} 3. g3 {[%clk 01:31:34]} {[%emt 00:00:14]} d5 {[%clk
01:30:05]} {[%emt 00:00:10]} 4. Bg2 {[%clk 01:31:53]} {[%emt 00:00:11]} dxc4
{[%clk 01:30:28]} {[%emt 00:00:08]} 5. Nf3 {[%clk 01:32:09]} {[%emt 00:00:14]}
Bb4+ {[%clk 01:30:52]} {[%emt 00:00:06]} 6. Bd2 {[%clk 01:31:57]} {[%emt
00:00:42]} a5 {[%clk 01:31:15]} {[%emt 00:00:07]} 7. O-O {[%clk 01:31:41]}
{[%emt 00:00:45]} c6 {[%clk 01:30:20]} {[%emt 00:01:25]} 8. a4 {[%clk
01:23:37]} {[%emt 00:08:34]} O-O {[%clk 01:20:05]} {[%emt 00:10:43]} 9. e3
{[%clk 01:21:17]} {[%emt 00:02:51]} Ra6 {[%clk 01:13:48]} {[%emt 00:06:48]} 10.
Ne5 {[%clk 01:13:49]} {[%emt 00:07:57]} b5 {[%clk 01:13:12]} {[%emt 00:01:06]}
11. Nc3 {[%clk 01:10:53]} {[%emt 00:03:27]} Rb6 {[%clk 01:06:36]} {[%emt
00:07:06]} 12. Na2 {[%clk 00:56:05]} {[%emt 00:15:18]} Bxd2 {[%clk 00:56:36]}
{[%emt 00:10:30]} 13. Qxd2 {[%clk 00:55:08]} {[%emt 00:01:27]} Ra6 {[%clk
00:42:29]} {[%emt 00:14:37]} 14. Nc3 {[%clk 00:51:44]} {[%emt 00:03:53]} Nfd7
{[%clk 00:42:39]} {[%emt 00:00:21]} 15. f4 {[%clk 00:37:34]} {[%emt 00:14:40]}
f6 {[%clk 00:39:58]} {[%emt 00:03:11]} 16. Nxd7 {[%clk 00:36:07]} {[%emt
00:01:58]} Bxd7 {[%clk 00:31:51]} {[%emt 00:08:37]} 17. Ne4 {[%clk 00:36:02]}
{[%emt 00:00:34]} Ra7 {[%clk 00:32:16]} {[%emt 00:00:05]} 18. Nc5 {[%clk
00:35:18]} {[%emt 00:01:14]} Bc8 {[%clk 00:32:36]} {[%emt 00:00:10]} 19. Qc3
{[%clk 00:28:44]} {[%emt 00:07:05]} Qb6 {[%clk 00:30:33]} {[%emt 00:02:32]} 20.
b3 {[%clk 00:23:10]} {[%emt 00:06:05]} Na6 {[%clk 00:25:35]} {[%emt 00:05:28]}
21. Nxa6 {[%clk 00:21:21]} {[%emt 00:02:19]} Qxa6 {[%clk 00:25:59]} {[%emt
00:00:06]} 22. bxc4 {[%clk 00:19:36]} {[%emt 00:02:15]} b4 {[%clk 00:26:24]}
{[%emt 00:00:06]} 23. Qc2 {[%clk 00:18:11]} {[%emt 00:01:54]} c5 {[%clk
00:24:55]} {[%emt 00:02:00]} 24. d5 {[%clk 00:17:44]} {[%emt 00:00:57]} exd5
{[%clk 00:25:03]} {[%emt 00:00:21]} 25. Bxd5+ {[%clk 00:17:22]} {[%emt
00:00:52]} Be6 {[%clk 00:23:58]} {[%emt 00:01:35]} 26. e4 {[%clk 00:16:01]}
{[%emt 00:01:51]} Bxd5 {[%clk 00:24:13]} {[%emt 00:00:15]} 27. exd5 {[%clk
00:12:05]} {[%emt 00:04:27]} Re7 {[%clk 00:24:24]} {[%emt 00:00:18]} 28. Rae1
{[%clk 00:11:07]} {[%emt 00:01:28]} Rfe8 {[%clk 00:24:43]} {[%emt 00:00:12]} 29.
Rxe7 {[%clk 00:11:03]} {[%emt 00:00:34]} Rxe7 {[%clk 00:25:08]} {[%emt
00:00:04]} 30. Kf2 {[%clk 00:11:13]} {[%emt 00:00:20]} g6 {[%clk 00:21:44]}
{[%emt 00:03:55]} 31. Re1 {[%clk 00:10:56]} {[%emt 00:00:47]} Rxe1 {[%clk
00:21:45]} {[%emt 00:00:30]} 32. Kxe1 {[%clk 00:11:20]} {[%emt 00:00:05]} f5
{[%clk 00:21:29]} {[%emt 00:00:47]} 33. Qe2 {[%clk 00:09:52]} {[%emt 00:01:57]}
Qf6 {[%clk 00:21:32]} {[%emt 00:00:27]} 34. Qe8+ {[%clk 00:08:13]} {[%emt
00:02:10]} Kg7 {[%clk 00:21:52]} {[%emt 00:00:10]} 35. Qd7+ {[%clk 00:06:48]}
{[%emt 00:01:55]} Kh6 {[%clk 00:20:50]} {[%emt 00:01:31]} 36. d6 {[%clk
00:05:21]} {[%emt 00:01:57]} Qc3+ {[%clk 00:05:11]} {[%emt 00:16:08]} 37. Kf2
{[%clk 00:05:29]} {[%emt 00:00:23]} Qd2+ {[%clk 00:05:31]} {[%emt 00:00:10]} 38.
Kf3 {[%clk 00:04:04]} {[%emt 00:01:55]} Qd3+ {[%clk 00:04:48]} {[%emt
00:01:12]} 39. Kf2 {[%clk 00:04:08]} {[%emt 00:00:27]} Qc2+ {[%clk 00:05:11]}
{[%emt 00:00:07]} 40. Kf3 {[%clk 00:01:19]} {[%emt 00:03:17]} Qd1+ {[%clk
00:01:11]} {[%emt 00:04:32]} 41. Kf2 {[%clk 00:01:13]} {[%emt 00:00:35]} Qc2+
{[%clk 00:01:36]} {[%emt 00:00:06]} 42. Kf3 {[%clk 00:29:43]} {[%emt 00:02:00]}
Qxc4 {[%clk 00:24:30]} {[%emt 00:07:36]} 43. Qd8 {[%clk 00:23:37]} {[%emt
00:06:36]} Qd3+ {[%clk 00:21:34]} {[%emt 00:03:26]} 1/2-1/2